Poland UEFA European Championships XIs - Statistics

General Stats
  • This quiz has been taken 131 times
  • The average score is 30 of 55
Answer Stats
Answer % Correct
Robert Lewandowski
100%
Robert Lewandowski
100%
Robert Lewandowski
100%
Robert Lewandowski
100%
Mariusz Lewandowski
99%
Wojciech Szczęsny
91%
Wojciech Szczęsny
91%
Piotr Zieliński
83%
Piotr Zieliński
83%
Kamil Glik
81%
Kamil Glik
81%
Łukasz Fabiański
79%
Arkadiusz Milik
77%
Jakub Błaszczykowski
75%
Jakub Błaszczykowski
75%
Grzegorz Krychowiak
72%
Grzegorz Krychowiak
72%
Łukasz Piszczek
72%
Łukasz Piszczek
72%
Jan Bednarek
67%
Jan Bednarek
67%
Kamil Grosicki
62%
Nicola Zalewski
57%
Jakub Kiwior
56%
Adam Buksa
53%
Artur Boruc
51%
Sebastian Szymański
50%
Bartosz Bereszyński
47%
Karol Świderski
47%
Michał Pazdan
46%
Przemysław Frankowski
46%
Paweł Dawidowicz
45%
Ebi Smolarek
43%
Przemysław Tytoń
43%
Kacper Urbański
42%
Krzysztof Mączyński
36%
Artur Jędrzejczyk
35%
Ludovic Obraniak
35%
Jacek Krzynówek
32%
Marcin Wasilewski
30%
Marcin Wasilewski
30%
Tymoteusz Puchacz
30%
Damien Perquis
29%
Mateusz Klich
29%
Sebastian Boenisch
29%
Jacek Bąk
28%
Michał Żewłakow
28%
Kamil Jóźwiak
27%
Eugen Polanski
24%
Dariusz Dudka
22%
Dariusz Dudka
22%
Rafał Murawski
21%
Marek Saganowski
15%
Paweł Golański
15%
Wojciech Łobodziński
12%
No matching quizzes found
Score Distribution
Percent of People with Each Score
Percentile by Number Answered
Your Score History
You have not taken this quiz